Greek Mythology Typing Challenge Quiz Stats

Quiz Updated Mar 2, 2013

Challenge
Share
Tweet
Embed
Score 0/44 Timer 01:00
0 Plays Today
TYPE THIS TYPED WORD % Correct
????
100%
????
99.4%
????
99%
????
98.5%
????
98.3%
????
98.1%
????
97.8%
????
97.5%
????
97.2%
????
96.8%
????
96.5%
????
96.2%
????
95.9%
????
95.6%
????
95.3%
????
94.9%
????
94.2%
????
93.5%
????
92.7%
????
91.7%
????
90.7%
????
89.2%
TYPE THIS TYPED WORD % Correct
????
87.1%
????
85.1%
????
81.6%
????
79%
????
75.2%
????
71.6%
????
67.1%
????
61.2%
????
55.3%
????
50.1%
????
44.4%
????
36.5%
????
28.9%
????
23.2%
????
19%
????
13.8%
????
9.8%
????
6.7%
????
4.8%
????
3.3%
????
1.7%
????
0.9%

You're not logged in!

Compare scores with friends on all Sporcle quizzes.
Sign Up with Email
OR
Log In

You Might Also Like...

Show Comments

Extras

Top Quizzes Today


Score Distribution

Your Account Isn't Verified!

In order to create a playlist on Sporcle, you need to verify the email address you used during registration. Go to your Sporcle Settings to finish the process.